LEADER 00972nam0 2200265 450 001 000021493 005 20090114114250.0 100 $a20090114d1968----km-y0itay50------ba 101 0 $aeng 102 $aGB 105 $ay-------101yy 200 1 $aEconomic development for eastern Europe$eproceedings of a conference held by the International economic association$fedited by M. C. Kaser 210 $aLondon$cMacMillan$d1968 215 $aXII, 329 p.$d22 cm 225 2 $aInternational economic association$v21 410 0$12001$aInternational economic association 500 10$aEconomic development for eastern Europe$960308 610 1 $aSviluppo economico$aEuropa dell'est 702 1$aKaser,$bMichael Charles 712 02$aInternational economic association$4070 801 0$aIT$bUNIPARTHENOPE$c20090114$gRICA$2UNIMARC 912 $a000021493 951 $a122/22$b2610$cNAVA2$d2009 996 $aEconomic development for eastern Europe$960308 997 $aUNIPARTHENOPE LEADER 01518oam 2200457zu 450 001 9911019874303321 005 20251116163533.0 010 $a0-470-77866-0 010 $a0-470-77174-7 010 $a0-470-77204-2 035 $a(CKB)2500000000001603 035 $a(SSID)ssj0000398368 035 $a(PQKBManifestationID)11303616 035 $a(PQKBTitleCode)TC0000398368 035 $a(PQKBWorkID)10362174 035 $a(PQKB)10640157 035 $a(EXLCZ)992500000000001603 100 $a20160829d1990 uy 101 0 $aeng 181 $ctxt 182 $cc 183 $acr 200 14$aThe Chemistry of the Metal Carbon: The Structure Preparation, Thermochemistry and Characterization of Organometallic Compounds. Vol. 2 210 31$a[Place of publication not identified]$cJohn Wiley & Sons Incorporated$d1990 300 $aBibliographic Level Mode of Issuance: Monograph 311 08$a0-471-90282-9 606 $aOrganic Chemistry$2HILCC 606 $aChemistry$2HILCC 606 $aPhysical Sciences & Mathematics$2HILCC 615 7$aOrganic Chemistry 615 7$aChemistry 615 7$aPhysical Sciences & Mathematics 676 $a547/.05 s 676 $a547/.05 700 $aHartley$b F. R.$01838046 702 $aPatai$b Saul E 801 0$bPQKB 906 $aBOOK 912 $a9911019874303321 996 $aThe Chemistry of the Metal Carbon: The Structure Preparation, Thermochemistry and Characterization of Organometallic Compounds. Vol. 2$94476278 997 $aUNINA